| 000 | 00902 a2200169 4500 | ||
|---|---|---|---|
| 003 | Nust | ||
| 005 | 20230127122207.0 | ||
| 040 | _cNust | ||
| 082 | _a920,CAR | ||
| 100 | _aCarnegie, Dale | ||
| 245 |
_aBiographical Round- Up / _cDale Carnegie's |
||
| 260 |
_aBombay _bVora & Co |
||
| 300 | _a192:p | ||
| 505 | _aGeorge Berananard Shaw (Page-1), General James Doolittle (Page-6), Mark Twain (Page-21), Ely Culbertson (Page-43), Clark Gable (Page-52), general Claire Chennault (Page-58), Glenn L . Martin (Page-63), Lord Louis Mountbatten (Page-68), Bob Hope (Page-72), Jan Christian Smuts (Page-92), Admiral Chester W. Nimitz (Page-108), General Dwight Eisenhower (Page-123), Lowell Jackson Thomas (Page-128), Captain Edward (Page-133), Bing Crosby (Page-157), Lord Beaverbrook (Page-171), Henry j. Kaiser (Page-182), The Wright Brothers (Page-187). | ||
| 650 |
_aBiography _9461 |
||
| 942 |
_2ddc _cBK |
||
| 999 |
_c187032 _d187032 |
||